000 00409nam a2200181Ia 4500
001 17068
005 20260306170357.0
008 260306t2001||||xx |||||||||||||| ||und||
041 _aESP
082 _a657.45
_bC95 T. 3 2001
100 _aCultural de Ediciones
_eAUT
245 0 _aAuditoria III
260 _c2001
300 _a
_c28 cm.
650 _aGEN
654 _aCCO
942 _cLIB
_dJUS
_fJUS
_2ddc
_n
999 _c17068
_d17068